[Event "32. Kieler Open 2019 B-Open"]
[Site "Kiel"]
[Date "2019.08.01"]
[Round "8.16"]
[White "Stieber, Mike"]
[Black "Möller, Rainer"]
[Result "1-0"]
[WhiteElo "1697"]
[BlackElo "1349"]
[Annotator "HJH"]
[PlyCount "43"]
[EventDate "2019.??.??"]
[WhiteTeam "Rochade Zeulenroda"]
[BlackTeam "SV Büsum"]

1. d4 Nf6 2. c4 e6 3. Nc3 Bb4 4. a3 Be7 5. Nf3 O-O 6. Bg5 d5 7. e3 dxc4 8. Bxc4
b6 9. Qc2 Bb7 10. Bd3 h6 11. Bxf6 Bxf6 12. O-O-O a5 13. Be4 Bxe4 14. Qxe4 Nd7
15. Ne5 Qe8 16. Nf3 c5 17. Kb1 e5 18. Nd5 Rc8 19. dxe5 Bxe5 20. Nxe5 f5 21. Qh4
Qxe5 22. Ne7+ 1-0

[Event "32. Kieler Open 2019 B-Open"]
[Site "Kiel"]
[Date "2019.08.01"]
[Round "8.17"]
[White "Wirtjes, Edzard"]
[Black "Diederichs, Karl"]
[Result "1-0"]
[WhiteElo "1601"]
[BlackElo "1445"]
[Annotator "HJH"]
[PlyCount "127"]
[EventDate "2019.??.??"]
[WhiteTeam "VfR Heisfelde"]
[BlackTeam "SK Lehrte"]

1. c4 e6 2. Nc3 Nf6 3. g3 d5 4. cxd5 exd5 5. d4 b6 6. Bg2 Bb7 7. Nf3 c5 8. O-O
Bd6 9. Bg5 h6 10. Bxf6 Qxf6 11. e3 Qe6 12. Re1 O-O 13. Nb5 Re8 14. Rc1 Nd7 15.
Re2 f5 16. Rd2 Nf6 17. Nxd6 Qxd6 18. Ne5 cxd4 19. exd4 Nd7 20. f4 Rac8 21. Rdc2
Rxc2 22. Rxc2 Nxe5 23. fxe5 Qd7 24. Qc1 Rc8 25. Rxc8+ Bxc8 26. Bxd5+ Qxd5 27.
Qxc8+ Kh7 28. Qxf5+ Kh8 29. Qf2 Qxa2 30. Qd2 Qb1+ 31. Kf2 Qf5+ 32. Ke3 Qg5+ 33.
Kd3 Qg6+ 34. Kc4 Qc6+ 35. Kb3 Qd5+ 36. Ka3 Qc4 37. b3 Qf1 38. b4 Qa1+ 39. Kb3
Qb1+ 40. Kc4 Qf1+ 41. Kd5 Qf3+ 42. Kd6 Qf8+ 43. Kc7 Qe7+ 44. Kb8 b5 45. Qc3 Kh7
46. Qc5 Qd8+ 47. Kxa7 Qd7+ 48. Kb6 Qd8+ 49. Kxb5 Qd7+ 50. Kc4 Qe6+ 51. Kc3 Qf5
52. b5 Qf3+ 53. Kb4 Qg2 54. Qd6 Qxh2 55. e6 Qb2+ 56. Kc5 Qa3+ 57. Kc6 Qa8+ 58.
Kb6 Qe8 59. e7 h5 60. Qd8 Qg6+ 61. Ka7 Qf7 62. d5 Qf2+ 63. b6 Qa2+ 64. Kb7 1-0

[Event "32. Kieler Open 2019 B-Open"]
[Site "Kiel"]
[Date "2019.08.01"]
[Round "8.19"]
[White "Sowa, Uwe"]
[Black "Malinowsky, Levi"]
[Result "1/2-1/2"]
[WhiteElo "1520"]
[BlackElo "1418"]
[Annotator "HJH"]
[PlyCount "105"]
[EventDate "2019.??.??"]
[WhiteTeam "Kiel"]
[BlackTeam "SK Doppelbauer Kiel"]

1. d4 d5 2. Nc3 e6 3. Bf4 Nf6 4. e3 Bd6 5. Bxd6 cxd6 6. f4 Nc6 7. Qd2 O-O 8.
O-O-O a6 9. h4 b5 10. Bd3 Qa5 11. a3 Rb8 12. Na2 Qxd2+ 13. Rxd2 e5 14. dxe5
dxe5 15. fxe5 Nxe5 16. Nf3 Re8 17. Re1 Nxd3+ 18. Rxd3 Bf5 19. Rc3 Rbc8 20. Nd4
Bd7 21. Rxc8 {(=)} Rxc8 22. Nb4 a5 23. Nd3 Ne4 24. Ne5 Be8 25. Nf5 Kf8 26. Rd1
f6 27. Nf3 Bf7 28. N5d4 {(=)} b4 29. axb4 axb4 30. Kb1 g6 31. Nd2 Nxd2+ 32.
Rxd2 Ke7 33. b3 Rc3 34. Re2 f5 35. g3 Kf6 36. Kb2 {(=)} Ke5 37. Nf3+ Kf6 38.
Nd4 Be8 39. Re1 g5 40. Kc1 gxh4 41. gxh4 Bd7 42. Kd2 Rc8 43. Ra1 Rg8 44. Ra6+
Kf7 45. Ra7 Ke8 46. Rb7 Rg4 47. h5 Rh4 48. Rxb4 Rxh5 49. Rb8+ Ke7 50. b4 Kd6
51. c3 Rh2+ 52. Kd3 Kc7 53. Rg8 1/2-1/2

[Event "32. Kieler Open 2019 B-Open"]
[Site "Kiel"]
[Date "2019.08.01"]
[Round "8.20"]
[White "Zielke, Bernd"]
[Black "Malinowsky, Celina"]
[Result "1-0"]
[WhiteElo "1707"]
[BlackElo "1109"]
[Annotator "HJH"]
[PlyCount "139"]
[EventDate "2019.??.??"]
[WhiteTeam "Kieler SG"]
[BlackTeam "SK Doppelbauer Kiel"]

1. b4 e5 2. Bb2 d6 3. c4 Bf5 4. e3 g6 5. Nf3 Bg7 6. Qb3 Nf6 7. d3 O-O 8. Nbd2
Nbd7 9. Be2 Re8 10. O-O Bxd3 11. Bxd3 e4 12. Nxe4 Nxe4 13. Bxg7 Kxg7 14. Bxe4
Rxe4 15. Rad1 Qf6 16. Rd4 Rae8 17. Rfd1 Qf5 18. Rd5 Qf6 19. c5 R4e6 20. a3 Ne5
21. Nxe5 dxe5 22. Qc2 c6 23. Rd7 R6e7 24. R1d6 Qf5 25. Qxf5 gxf5 26. f3 e4 27.
f4 Rxd7 28. Rxd7 Rb8 29. Kf2 b6 30. Rxa7 bxc5 31. Ra4 c4 32. Ke2 Rd8 33. Ra6
Rc8 34. Kd2 Rd8+ 35. Kc2 Rd3 36. Rxc6 Rxe3 37. Rxc4 Rxa3 38. Kb2 Re3 39. Rc2
Rd3 40. Re2 Kf6 41. Kc2 Ke6 42. Re1 Kd5 43. Rb1 Ra3 44. Rb2 e3 45. b5 Ke4 46.
b6 Ra8 47. b7 Rb8 48. Rb4+ Kd5 49. Kd3 e2 50. Kxe2 Kc6 51. g3 Rxb7 52. Rxb7
Kxb7 53. Kd3 Kc6 54. Kc4 Kd6 55. Kd4 Ke6 56. Kc5 f6 57. Kc6 h6 58. Kc5 h5 59.
Kc6 Ke7 60. Kc7 Ke8 61. Kd6 Kf7 62. Kd7 Kg6 63. Ke8 Kg7 64. Ke7 Kg6 65. Kf8 h4
66. Kg8 hxg3 67. hxg3 Kh5 68. Kf7 Kg4 69. Kxf6 Kxg3 70. Kxf5 1-0

[Event "32. Kieler Open 2019 B-Open"]
[Site "Kiel"]
[Date "2019.08.01"]
[Round "8.21"]
[White "Tran, Duc Huy"]
[Black "Friedrich, Heike"]
[Result "1-0"]
[WhiteElo "1451"]
[BlackElo "1155"]
[Annotator "HJH"]
[PlyCount "93"]
[EventDate "2019.??.??"]
[WhiteTeam "SC Agon Neumünster"]
[BlackTeam "Raisdorfer SG"]

1. c4 e5 2. Nc3 Bc5 3. g3 Nf6 4. Bg2 Nc6 5. e3 O-O 6. Nge2 d6 7. O-O Rb8 8. a3
a6 9. Re1 Be6 10. d4 exd4 11. exd4 Bxc4 12. dxc5 dxc5 13. Bf4 Qc8 14. Be3 Rd8
15. Qc1 Nd4 16. Bg5 Nb3 17. Qf4 Nxa1 18. Bxf6 gxf6 19. Rxa1 Bxe2 20. Nxe2 Qe6
21. Nc3 Qd6 22. Qh6 f5 23. Qh4 Re8 24. Rd1 Qe7 25. Qxe7 Rxe7 26. Nd5 Re2 27.
Nxc7 Rxb2 28. Rd5 Rc2 29. Rxf5 Rc1+ 30. Bf1 Rd8 31. Kg2 c4 32. Rc5 c3 33. Nd5
Rd1 (33... c2 34. Ne3 Rd2 $11) 34. Nxc3 Rc1 35. Rg5+ Kf8 36. Ne4 Rdd1 37. Be2
Re1 38. Bf3 Rc6 39. Nc5 Rc7 40. Nxb7 Ra1 41. Ra5 Rc3 42. Rxa6 Rcxa3 43. Rf6 Rb1
44. Nc5 Ra7 45. Be4 Rd1 46. Rh6 Kg7 47. Rxh7+ 1-0

[Event "32. Kieler Open 2019 B-Open"]
[Site "Kiel"]
[Date "2019.08.01"]
[Round "8.22"]
[White "Sari, Onur"]
[Black "Neubert, Conrad"]
[Result "1-0"]
[WhiteElo "1162"]
[BlackElo "1094"]
[Annotator "HJH"]
[PlyCount "95"]
[EventDate "2019.??.??"]
[WhiteTeam "SC Agon Neumünster"]
[BlackTeam "SF Schwerin"]

1. c4 e6 2. Nc3 d5 3. e3 Nf6 4. d4 Bd6 5. cxd5 exd5 6. g3 Bf5 7. Bg2 c6 8. Nge2
O-O 9. O-O Nbd7 10. Re1 Ne4 11. a3 Ndf6 12. f3 Ng5 13. e4 Nh3+ 14. Bxh3 Bxh3
15. e5 Bc7 16. exf6 Qxf6 17. Bf4 Bb6 18. Na4 Ba5 19. b4 Bd8 20. Nec3 g5 21. Be5
Qg6 22. g4 f6 23. Bg3 h5 24. gxh5 Qxh5 25. Bd6 Rf7 26. Re8+ Kh7 27. Qd3+ f5 28.
Rae1 Qh4 29. R1e2 g4 30. Be5 Bf6 31. Rxa8 Bxe5 32. dxe5 gxf3 33. Qxf3 Rg7+ 34.
Kh1 d4 35. Ne4 Bg2+ 36. Qxg2 (36. Rxg2 Qe1+ {und matt}) 36... Rxg2 37. Nf6+ Kg7
38. Rg8+ Kf7 39. Kxg2 d3 40. Re3 Qc4 41. e6+ Kxf6 42. e7 Qc2+ 43. Kg3 f4+ 44.
Kxf4 Qxh2+ 45. Rgg3 Qh7 46. Re6+ Kxe6 47. e8=Q+ Kd5 48. Qg8+ 1-0

[Event "32. Kieler Open 2019 B-Open"]
[Site "Kiel"]
[Date "2019.08.01"]
[Round "8.23"]
[White "Kaminski, Thorsten"]
[Black "Bunke, Mike"]
[Result "1/2-1/2"]
[WhiteElo "1401"]
[BlackElo "1597"]
[Annotator "HJH"]
[PlyCount "37"]
[EventDate "2019.??.??"]
[WhiteTeam "Raisdorfer SG"]
[BlackTeam "Schleswiger SV"]

1. Nf3 c5 2. g3 Nc6 3. Bg2 g6 4. d3 Bg7 5. O-O Nf6 6. Nc3 O-O 7. Bd2 d6 8. Qc1
Re8 9. Bh6 Bh8 10. Nd2 Ng4 11. Nde4 Nxh6 12. Qxh6 Bg7 13. Qd2 Bf5 14. f4 Qd7
15. Nf2 Rab8 16. Rae1 b5 17. e4 Be6 18. Ncd1 b4 19. b3 1/2-1/2

[Event "32. Kieler Open 2019 B-Open"]
[Site "Kiel"]
[Date "2019.08.01"]
[Round "8.25"]
[White "Kathage, Holger"]
[Black "Zechel, Rolf-Rüdiger"]
[Result "1/2-1/2"]
[WhiteElo "1662"]
[BlackElo "1651"]
[Annotator "HJH"]
[PlyCount "31"]
[EventDate "2019.??.??"]
[WhiteTeam "VSF Flintbek"]
[BlackTeam "SK Kaltenkirchen"]

1. d4 Nf6 2. Nf3 c5 3. e3 d6 4. dxc5 Qa5+ 5. Bd2 Qxc5 6. b4 Qc7 7. c4 e6 8. Bd3
Be7 9. O-O O-O 10. Bc3 Nbd7 11. Qc2 b6 12. Nbd2 h6 13. e4 e5 14. Ne1 Bb7 15. h3
Rac8 16. Bb2 1/2-1/2

[Event "32. Kieler Open 2019 B-Open"]
[Site "Kiel"]
[Date "2019.08.01"]
[Round "8.26"]
[White "Woltmann, Peter"]
[Black "Priemer, Sören Gregor"]
[Result "1-0"]
[WhiteElo "1523"]
[BlackElo "1393"]
[Annotator "HJH"]
[PlyCount "47"]
[EventDate "2019.??.??"]
[WhiteTeam "Raisdorfer SG"]
[BlackTeam "SC Agon Neumünster"]

1. e4 e5 2. Nf3 Nc6 3. d4 exd4 4. Bc4 Bc5 5. O-O Nge7 6. Re1 O-O 7. c3 dxc3 8.
Nxc3 Bb4 9. Qb3 d6 10. Bg5 Qe8 11. e5 dxe5 12. Nxe5 Nxe5 13. Rxe5 Bd6 14. Ree1
Kh8 15. Bxe7 Bxe7 16. Nd5 Qd7 17. Nxe7 Re8 18. Rad1 Qg4 19. Ng6+ hxg6 20. Rxe8+
Kh7 21. Qh3+ Qxh3 22. gxh3 f6 23. Rdd8 Bxh3 24. Rh8# 1-0

[Event "32. Kieler Open 2019 B-Open"]
[Site "Kiel"]
[Date "2019.08.01"]
[Round "8.27"]
[White "Solodky, Willy"]
[Black "Stolzenwald, Frank"]
[Result "1-0"]
[WhiteElo "1483"]
[BlackElo "1307"]
[Annotator "HJH"]
[PlyCount "99"]
[EventDate "2019.??.??"]
[WhiteTeam "Itzehoer SV"]
[BlackTeam "SF Hamburg"]

1. d4 b5 2. e4 Bb7 3. Nd2 a6 4. b3 g6 5. Bb2 f6 6. Bd3 Nh6 7. Ngf3 e6 8. O-O
Be7 9. Re1 O-O 10. Nf1 Nc6 11. c3 e5 12. d5 Nb8 13. Bc2 c5 14. d6 Nf7 15. dxe7
Qxe7 16. Ne3 Ng5 17. Nxg5 fxg5 18. Nd5 Qf7 19. Re2 h5 20. Bc1 g4 21. Bg5 Re8
22. Nf6+ Kg7 23. Nxe8+ Qxe8 24. Qd2 Qe6 25. Rd1 Bc6 26. Qe3 c4 27. b4 a5 28. a3
axb4 29. axb4 Ra2 30. Bb1 Rxe2 31. Qxe2 g3 32. f3 Na6 33. hxg3 Nc7 34. Rd2 Ne8
35. Bc2 Nf6 36. Bxf6+ Kxf6 37. Qd1 Ke7 38. Qe1 g5 39. f4 exf4 40. gxf4 gxf4 41.
Qh4+ Kf8 42. Qxf4+ Kg7 43. Rf2 Qe7 44. e5 Kg8 45. Be4 d5 46. Bc2 Bd7 47. Bg6
Be6 48. Bxh5 Qa7 49. Kh2 Qh7 50. Qf8# 1-0

[Event "32. Kieler Open 2019 B-Open"]
[Site "Kiel"]
[Date "2019.08.01"]
[Round "8.28"]
[White "Lawrenz, Norbert"]
[Black "Astaev, Tobias"]
[Result "0-1"]
[WhiteElo "1434"]
[BlackElo "1202"]
[Annotator "HJH"]
[PlyCount "76"]
[EventDate "2019.??.??"]
[WhiteTeam "Zitadelle Spandau 1977 e.V."]
[BlackTeam "Raisdorfer SG"]

1. d4 d5 2. Bf4 e6 3. e3 Nf6 4. Nd2 c5 5. c3 Nc6 6. Ngf3 c4 7. Be2 h6 8. Ne5
Bd7 9. a3 Nh5 10. Bxh5 g6 11. Be2 g5 12. Bg3 h5 13. Bxh5 Nxe5 14. Bxe5 Rh7 15.
Qf3 Qb6 16. O-O Qxb2 17. Qe2 Qxc3 18. Rfc1 Qd3 19. Qxd3 cxd3 20. e4 Rxh5 21. g4
Rh6 22. exd5 exd5 23. Re1 Be7 24. Rac1 Rc8 25. Rxc8+ Bxc8 26. Re3 Bxg4 27. Rxd3
Bf5 28. Rc3 Rh3 29. Rc7 Rxa3 30. Rxb7 Bh3 31. Rb1 f6 32. f3 fxe5 33. dxe5 Ra2
34. Rd1 Bc5+ 35. Kh1 Be3 36. f4 gxf4 37. Rg1 Bxg1 38. Kxg1 Rxd2 0-1

[Event "32. Kieler Open 2019 B-Open"]
[Site "Kiel"]
[Date "2019.08.01"]
[Round "8.29"]
[White "Schulz, Jale"]
[Black "Plöger, Elke"]
[Result "0-1"]
[WhiteElo "933"]
[BlackElo "1424"]
[Annotator "HJH"]
[PlyCount "78"]
[EventDate "2019.??.??"]
[WhiteTeam "Raisdorfer SG"]
[BlackTeam "SG Jasmund"]

1. e4 e5 2. Nf3 Nc6 3. Bc4 Nf6 4. Nc3 Bb4 5. d3 O-O 6. O-O d6 7. Bg5 h6 8. Bh4
Bg4 9. Nd5 g5 10. Nxf6+ Qxf6 11. Bg3 Nd4 12. c3 Nxf3+ 13. gxf3 Bxf3 14. Qd2 Ba5
15. Bb3 c5 16. Bc2 Rad8 17. Qe3 Bh5 18. a3 Bb6 19. c4 a5 20. d4 cxd4 21. Qd3
Qf3 22. Qd2 Bg6 23. Bd1 Qxe4 24. Re1 Qd3 25. Qc1 Qf5 26. Bc2 Qe6 27. Bb3 Bc5
28. f4 Qh3 29. fxe5 d3+ 30. Bf2 Bxf2+ 31. Kxf2 Qxh2+ 32. Kf1 dxe5 33. Qe3 e4
34. Rad1 Bf5 35. Rd2 Bh3+ 36. Qxh3 Qxh3+ 37. Kg1 Qg3+ 38. Kf1 e3 39. Rdd1 Qf2#
0-1

[Event "32. Kieler Open 2019 B-Open"]
[Site "Kiel"]
[Date "2019.08.01"]
[Round "8.31"]
[White "Klich, Mirko"]
[Black "Wentzel, Martin"]
[Result "1-0"]
[WhiteElo "1294"]
[BlackElo "1335"]
[Annotator "HJH"]
[PlyCount "87"]
[EventDate "2019.??.??"]
[WhiteTeam "Rochade Zeulenroda"]
[BlackTeam "SG Jasmund"]

1. d4 d5 2. Bf4 h6 3. Nd2 Nf6 4. Ngf3 Bg4 5. c3 e6 6. h3 Bxf3 7. gxf3 Bd6 8.
Bg3 Nh5 9. Bh2 O-O 10. e4 Bxh2 11. Rxh2 Re8 12. Qb3 b6 13. O-O-O Qd7 14. e5 a6
15. Rg2 Nf4 16. Rg4 Nxh3 17. Bxh3 Qe7 18. Rdg1 g5 19. Rh4 Kg7 20. Qc2 Rh8 21.
f4 Nd7 22. fxg5 hxg5 23. Rxh8 Rxh8 24. Bg4 f6 25. exf6+ Qxf6 26. Nf3 Kf7 27.
Qd2 Rg8 28. Re1 Nf8 29. Re5 Qf4 30. Qxf4+ gxf4 31. Ng5+ Kf6 32. Nxe6 Nxe6 33.
Rxe6+ Kg5 34. f3 Kh4 35. Kd2 Kg3 36. Rh6 Rxg4 37. fxg4 Kxg4 38. Ke2 f3+ 39. Kf2
a5 40. Rc6 Kf4 41. Rxc7 b5 42. Rc5 1-0

[Event "32. Kieler Open 2019 B-Open"]
[Site "Kiel"]
[Date "2019.08.02"]
[Round "9.1"]
[White "Behrendt, Matthias"]
[Black "Bendixen, Matthes"]
[Result "0-1"]
[WhiteElo "1747"]
[BlackElo "1645"]
[Annotator "PH"]
[PlyCount "112"]
[EventDate "2019.??.??"]

1. d4 Nf6 2. c4 e6 3. Nf3 d5 4. Nc3 c5 5. e3 Nc6 6. a3 Bd6 7. Qc2 O-O 8. Be2
Qe7 9. O-O Bd7 10. Nb5 cxd4 11. Nxd6 Qxd6 12. c5 Qc7 13. exd4 a5 14. g3 b6 15.
Bf4 Qb7 16. Be5 Ne4 17. Qb3 Nxe5 18. dxe5 Nxc5 19. Qe3 Rac8 20. b4 Ne4 21. bxa5
bxa5 22. Rab1 Qa8 23. Rfc1 Rxc1+ 24. Rxc1 Rc8 25. Rxc8+ Qxc8 26. Qb6 a4 27. Nd4
g6 28. Nb5 Qc5 29. Qxc5 Nxc5 30. f4 Kg7 31. Kf2 f6 32. Ke3 fxe5 33. fxe5 g5 34.
Nd4 Kg6 35. g4 Kf7 36. Nf3 h6 37. Bd1 Bb5 {=} 38. Nd2 Ke7 39. Kd4 Ne4 40. Nxe4
dxe4 41. Kxe4 Kd7 42. Kd4 Kc6 43. Bf3+ Kb6 44. Bd1 Kc6 45. Bf3+ Kb6 46. Bg2 Be2
47. h3 Bb5 48. Kc3 Kc5 49. Bb7 Bf1 50. Bc8 Bxh3 51. Bxe6 h5 52. Bd7 Bxg4 53.
Bxa4 h4 54. e6 Bxe6 55. Bd1 g4 56. Bc2 Bd5 0-1

[Event "32. Kieler Open 2019 B-Open"]
[Site "Kiel"]
[Date "2019.08.02"]
[Round "9.2"]
[White "Johlke, Lorenz"]
[Black "Hentrop, Malte"]
[Result "1/2-1/2"]
[WhiteElo "1602"]
[BlackElo "1805"]
[Annotator "PH"]
[PlyCount "36"]
[EventDate "2019.??.??"]

1. e4 e5 2. f4 exf4 3. Nf3 d5 4. exd5 Nf6 5. Nc3 c6 6. d4 cxd5 7. Bxf4 Bd6 8.
Bb5+ Nc6 9. Bxd6 Qxd6 10. O-O O-O 11. h3 Bf5 12. Nh4 Be4 13. Nxe4 Nxe4 14. Nf5
Qb4 15. Bxc6 bxc6 16. Rf3 Qb7 17. b3 Qd7 18. Qd3 Nd6 1/2-1/2

[Event "32. Kieler Open 2019 B-Open"]
[Site "Kiel"]
[Date "2019.08.02"]
[Round "9.3"]
[White "Plichta, Hans-Reiner"]
[Black "Jarosch, Wolfram"]
[Result "1-0"]
[WhiteElo "1765"]
[BlackElo "1691"]
[Annotator "PH"]
[PlyCount "51"]
[EventDate "2019.??.??"]

1. c4 Nf6 2. Nf3 g6 3. g3 Bg7 4. Bg2 O-O 5. Nc3 c5 6. O-O Nc6 7. d4 cxd4 8.
Nxd4 Qb6 9. e3 Rb8 10. b3 d6 11. Bb2 Bg4 12. Qd2 Rfd8 13. Na4 Qc7 14. a3 Bc8
15. Nc3 a6 16. Rfe1 Bd7 17. e4 Nxd4 18. Qxd4 Ng4 19. Qxg7+ Kxg7 20. Nd5+ Nf6
21. Nxc7 e6 22. f4 Rdc8 23. e5 dxe5 24. Bxe5 Bc6 25. g4 h6 26. g5 1-0

[Event "32. Kieler Open 2019 B-Open"]
[Site "Kiel"]
[Date "2019.08.02"]
[Round "9.4"]
[White "von Koschitzky, Tilo"]
[Black "Götz, Dirk"]
[Result "0-1"]
[WhiteElo "1774"]
[BlackElo "1766"]
[Annotator "PH"]
[PlyCount "100"]
[EventDate "2019.??.??"]

1. d4 Nf6 2. Nf3 e6 3. c4 b6 4. a3 Bb7 5. Nc3 d6 6. Qc2 c5 7. e4 cxd4 8. Nxd4
Nbd7 9. Bg5 Be7 10. f3 a6 11. Be2 O-O 12. Be3 Qc7 13. Qd2 Rfd8 14. Rc1 Rac8 15.
O-O Nc5 16. b4 e5 17. Nd5 Bxd5 18. cxd5 exd4 19. Bxd4 Qa7 20. bxc5 bxc5 21. Bf2
Nd7 22. f4 Bf6 23. Qa5 Nb8 24. Rb1 Bd4 25. Bc4 Qe7 26. Rfe1 Bxf2+ 27. Kxf2 Qh4+
28. g3 Qxh2+ 29. Kf3 Qh5+ 30. Kg2 Qg6 31. Rb7 Re8 32. Qb6 Qf6 33. e5 Qf5 34.
Qb1 Qxb1 35. Rexb1 dxe5 36. fxe5 Rcd8 37. Rf1 Rd7 38. Rxd7 Nxd7 39. e6 fxe6 40.
dxe6 Ne5 41. Bd5 Re7 42. Rb1 g6 43. Rb6 Kg7 44. Rxa6 Kf6 45. Ra8 Ng4 46. Kf3 h5
47. Rf8+ Ke5 48. Rf7 Re8 49. Bb3 Kd4 50. e7 Ne5+ 0-1

[Event "32. Kieler Open 2019 B-Open"]
[Site "Kiel"]
[Date "2019.08.02"]
[Round "9.5"]
[White "Bahr, Arne"]
[Black "Schulze, Lukas"]
[Result "0-1"]
[WhiteElo "1667"]
[BlackElo "1724"]
[Annotator "PH"]
[PlyCount "98"]
[EventDate "2019.??.??"]

1. Nc3 d5 2. f4 Bg4 3. Nf3 Bxf3 4. exf3 e6 5. d4 Nf6 6. Be3 Nbd7 7. Qd2 c6 8.
Bd3 Bd6 9. Ne2 O-O 10. O-O Qb6 11. c3 Qc7 12. Kh1 Rfe8 13. Rfe1 b5 14. g4 Nb6
15. b3 a5 16. Rec1 Rad8 17. Ng3 g6 18. g5 Nfd7 19. Rg1 Nc8 20. c4 bxc4 21. bxc4
Bf8 22. c5 Bg7 23. Rab1 Ne7 24. a4 Nf5 25. Nxf5 exf5 26. h4 Nf8 27. Rb3 Rb8 28.
Rgb1 Rxb3 29. Rxb3 Nd7 30. Kg2 Rb8 31. Rxb8+ Nxb8 32. Qb2 Nd7 33. Qb1 Nf8 34.
Qb6 Ne6 35. Qxc7 Nxc7 36. Bd2 Bxd4 37. Bxa5 Ne6 38. Bd2 Nxc5 39. Bc2 Nb7 40. h5
Bb6 41. Kf1 Kf8 42. Ke2 c5 43. h6 Ke7 44. Kd1 Kd6 45. Bd3 c4 46. Bb4+ Bc5 47.
Bxc5+ Kxc5 48. Bc2 Kb4 49. Ke2 d4 0-1

[Event "32. Kieler Open 2019 B-Open"]
[Site "Kiel"]
[Date "2019.08.02"]
[Round "9.6"]
[White "Suliga, Eckhard"]
[Black "Noreisch, Reiner"]
[Result "1/2-1/2"]
[WhiteElo "1682"]
[BlackElo "1602"]
[Annotator "PH"]
[PlyCount "74"]
[EventDate "2019.??.??"]

1. e4 g6 2. d4 Bg7 3. Nc3 c5 4. Be3 Qa5 5. Nf3 Nf6 6. Qd3 Nc6 7. O-O-O Ng4 8.
Qb5 cxd4 9. Qxa5 Nxa5 10. Nxd4 Nxe3 11. fxe3 a6 12. Nd5 Kd8 13. Nb6 Ra7 14. Be2
e6 15. Rhf1 Rf8 16. b3 Kc7 17. Nxc8 Kxc8 18. c4 b6 19. Kc2 Rc7 20. Kd3 Nb7 21.
b4 Nd6 22. Rc1 Kb8 23. Rc2 f5 24. exf5 gxf5 25. c5 bxc5 26. bxc5 Ne4 27. c6
Bxd4 28. Kxd4 Rxc6 29. Rxc6 dxc6 30. Bxa6 Rd8+ 31. Ke5 Rd5+ 32. Kf4 Rd2 33. Bc4
Rxg2 34. Bxe6 Rxh2 35. Bxf5 Nd6 36. Be6 Kc7 37. Rc1 Rh5 1/2-1/2

[Event "32. Kieler Open 2019 B-Open"]
[Site "Kiel"]
[Date "2019.08.02"]
[Round "9.7"]
[White "Zechel, Rolf-Rüdiger"]
[Black "Beyer, Mirko"]
[Result "1/2-1/2"]
[WhiteElo "1651"]
[BlackElo "1675"]
[Annotator "PH"]
[PlyCount "40"]
[EventDate "2019.??.??"]

1. d4 e6 2. Bf4 b6 3. Nf3 Bb7 4. e3 Nf6 5. Nbd2 d5 6. Bd3 Nbd7 7. h3 Be7 8. Ne5
Nxe5 9. dxe5 Nd7 10. c3 c5 11. Qg4 g6 12. Bh2 Qc7 13. f4 O-O-O 14. O-O h5 15.
Qe2 Rdg8 16. e4 f5 17. exd5 Bxd5 18. Ba6+ Kd8 19. Rfd1 Ke8 20. Nf3 Nb8 1/2-1/2

[Event "32. Kieler Open 2019 B-Open"]
[Site "Kiel"]
[Date "2019.08.02"]
[Round "9.8"]
[White "Pick, Max"]
[Black "Johlke, Lukas"]
[Result "1-0"]
[WhiteElo "1515"]
[BlackElo "1584"]
[Annotator "PH"]
[PlyCount "64"]
[EventDate "2019.??.??"]

1. e4 e5 2. Nf3 Nc6 3. Bb5 a6 4. Bxc6 bxc6 5. O-O d6 6. d4 exd4 7. Qxd4 Ne7 8.
Nc3 c5 9. Qd3 Bb7 10. Re1 Ng6 11. e5 Be7 12. Nd5 Bxd5 13. Qxd5 O-O 14. e6 Bf6
15. Ng5 Ne5 16. exf7+ Nxf7 17. Ne6 Qe7 18. Bd2 Rfb8 19. Nxg7 Qd7 20. Nf5 Bxb2
21. Rab1 Be5 22. Rxb8+ Rxb8 23. g4 Kf8 24. Bh6+ Nxh6 25. Rxe5 Rb1+ 26. Kg2 Ng8
27. Qa8+ Kf7 28. Qd5+ Kf8 29. Re3 Rb4 30. Qa8+ Kf7 31. Qf3 Kg6 32. Qh3 Kf7 1-0

[Event "32. Kieler Open 2019 B-Open"]
[Site "Kiel"]
[Date "2019.08.02"]
[Round "9.9"]
[White "Gerull, Dirk"]
[Black "Bräutigam, Alexander"]
[Result "1/2-1/2"]
[WhiteElo "1815"]
[BlackElo "1558"]
[Annotator "PH"]
[PlyCount "59"]
[EventDate "2019.??.??"]

1. d4 e6 2. Bf4 c5 3. c3 Nc6 4. e3 cxd4 5. exd4 Qb6 6. Qc2 d5 7. Nf3 Bd7 8. Ne5
Nxe5 9. Bxe5 f6 10. Bf4 Rc8 11. Be3 Ne7 12. Nd2 Nf5 13. Qb3 Nxe3 14. fxe3 Be7
15. Qxb6 axb6 16. e4 dxe4 17. Nxe4 Bc6 18. Bd3 Kf7 19. O-O f5 20. Nd2 Rcd8 21.
Rae1 Bf6 22. Bc4 Bd5 23. Bxd5 Rxd5 24. Nf3 Ra5 25. a3 Rb5 26. Re2 Rd5 27. Rfe1
Rd6 28. Ne5+ Bxe5 29. Rxe5 Kf6 30. h3 1/2-1/2

[Event "32. Kieler Open 2019 B-Open"]
[Site "Kiel"]
[Date "2019.08.02"]
[Round "9.10"]
[White "Sowa, Kay"]
[Black "Welker, Alexandra"]
[Result "1/2-1/2"]
[WhiteElo "1729"]
[BlackElo "1339"]
[Annotator "PH"]
[PlyCount "41"]
[EventDate "2019.??.??"]

1. d4 d5 2. Nc3 c6 3. Bf4 Nf6 4. e3 Bf5 5. f3 e6 6. g4 Bg6 7. h4 h6 8. Bd3 Bxd3
9. Qxd3 Bd6 10. Nge2 Na6 11. a3 Qd7 12. O-O-O O-O-O 13. g5 Nh5 14. Bxd6 Qxd6
15. e4 Nf4 16. Nxf4 Qxf4+ 17. Kb1 hxg5 18. Ne2 Qf6 19. e5 Qe7 20. h5 Rh6 21.
Rdg1 1/2-1/2

[Event "32. Kieler Open 2019 B-Open"]
[Site "Kiel"]
[Date "2019.08.02"]
[Round "9.11"]
[White "Wieser, Hans-Joachim"]
[Black "Stieber, Mike"]
[Result "0-1"]
[WhiteElo "1556"]
[BlackElo "1697"]
[Annotator "PH"]
[PlyCount "85"]
[EventDate "2019.??.??"]

1. e4 c5 2. Nf3 e6 3. d4 cxd4 4. Nxd4 Nc6 5. Nc3 a6 6. g3 Bb4 7. Qd3 Nf6 8. Bg2
d5 9. Nxc6 bxc6 10. Bd2 O-O 11. a3 Be7 12. exd5 exd5 13. O-O Re8 14. Rfe1 Be6
15. Ne2 Qd7 16. Nf4 Bf5 17. Qc3 Bd6 18. b4 Ne4 19. Bxe4 Bxe4 20. Rxe4 Rxe4 21.
Qd3 Bxf4 22. Bxf4 Qe8 23. Be3 Rc4 24. Bd4 Qe4 25. Qxe4 dxe4 26. c3 a5 27. Re1
f5 28. Kg2 axb4 29. axb4 c5 30. bxc5 Kf7 31. Rb1 Ke7 32. Rb4 Rxb4 33. cxb4 Ra4
34. Bc3 g6 35. Kf1 Ke6 36. Ke1 Kd5 37. Kd2 Kc4 38. Kc2 Ra3 39. Bb2 Ra8 40. Bc3
Re8 41. h4 e3 42. fxe3 Rxe3 43. Be5 0-1

[Event "32. Kieler Open 2019 B-Open"]
[Site "Kiel"]
[Date "2019.08.02"]
[Round "9.14"]
[White "Schwerdt, Anton Gabriel"]
[Black "Wirtjes, Edzard"]
[Result "1/2-1/2"]
[WhiteElo "1455"]
[BlackElo "1601"]
[Annotator "PH"]
[PlyCount "63"]
[EventDate "2019.??.??"]

1. e4 c5 2. Nc3 d6 3. Bc4 g6 4. d3 Bg7 5. f4 Nc6 6. Nf3 Nf6 7. O-O O-O 8. Qe1
Bg4 9. Nd2 Nd4 10. Bb3 b5 11. h3 b4 12. hxg4 bxc3 13. bxc3 Nxb3 14. cxb3 Nxg4
15. Bb2 e6 16. Nf3 Qb6 17. Kh1 a5 18. Nh2 Nxh2 19. Kxh2 a4 20. Qd1 a3 21. Bc1
Bxc3 22. Rb1 Qd8 23. Qf3 Qh4+ 24. Qh3 Qxh3+ 25. Kxh3 f5 26. g3 fxe4 27. dxe4 d5
28. Rf3 d4 29. Rd3 Bb4 30. Bd2 Bxd2 31. Rxd2 Rfc8 32. Rc1 1/2-1/2

[Event "32. Kieler Open 2019 B-Open"]
[Site "Kiel"]
[Date "2019.08.02"]
[Round "9.15"]
[White "Eberhardt, Michael"]
[Black "Sowa, Uwe"]
[Result "0-1"]
[WhiteElo "1761"]
[BlackElo "1520"]
[Annotator "PH"]
[PlyCount "104"]
[EventDate "2019.??.??"]

1. Nf3 f5 2. c4 e6 3. b3 Nf6 4. g3 b6 5. Bg2 Bb7 6. Bb2 d6 7. d4 Nbd7 8. O-O h6
9. Nc3 Qe7 10. Nb5 Qd8 11. Rc1 a6 12. Nc3 Be7 13. d5 e5 14. Nh4 f4 15. Ng6 Rg8
16. gxf4 exf4 17. Nxf4 Nf8 18. Qd3 g5 19. Nh3 Qd7 20. Kh1 O-O-O 21. f4 g4 22.
Ng1 h5 23. Ne4 Nxe4 24. Bxe4 Kb8 25. h3 Qe8 26. Kh2 Bc8 27. Bf5 Bh4 28. hxg4
hxg4 29. Bxc8 Rxc8 30. e4 Qh5 31. Kg2 Ng6 32. Ne2 Be7 33. Rh1 Nh4+ 34. Kf2 Rcf8
35. Rcg1 Qg6 36. Kg3 Nf3 37. Rf1 Rf7 38. Kf2 Bh4+ 39. Ke3 Rh7 40. Qd1 Qh5 41.
Ng3 Qf7 42. Nf5 Bf6 43. Rxh7 Qxh7 44. Bxf6 Qh3 45. Rh1 Nh2+ 46. Kd2 g3 47. Nh4
g2 48. Rg1 Rg3 49. Kc2 Nf1 50. Kc1 Rd3 51. Qe2 Rd2 52. Qe1 Qd3 0-1